000 00564nam a2200181Ia 4500
005 20250923144727.0
008 008 250917s9999 xx 000 0 eng d
037 _aTextual
040 _aDSWL
_beng
_cDSWL
041 _aeng
_2eng
084 _aYX,9m8;5-R(Y).2, N34
_qDSWL
100 _aRathbone, Eleanor F.
_9827802
245 0 _aChild marriage: Indian Minotour
_cby Eleanor F. Rathbone
260 _aLondon
_b George Allen & Unwin
_c1934
300 _a138p.
942 _cTEXL
_hYX,9m8;5-R(Y).2, N34
999 _c1442567
_d1442567